Conference of Heads of Valuation Departments (1977:Kuala Lumpur) Situation reports on the Organisation of Valuation Services in Commonwealth Countries, 1977
| Format: | Book |
|---|
MARC
| LEADER | 00000cam a2200000 7i4500 | ||
|---|---|---|---|
| 001 | 0000006210 | ||
| 005 | 20000214.0 | ||
| 040 | |a INS | ||
| 090 | 0 | 0 | |a S5 |
| 245 | 0 | 0 | |a Conference of Heads of Valuation Departments (1977:Kuala Lumpur) Situation reports on the Organisation of Valuation Services in Commonwealth Countries, 1977 |
| 999 | |a S000000015 |b BOOK |c Seminar |e Default branch | ||